00385cam a2200145ua 45000010005000000080039000050400009000440820010000531000033000632450042000962600040001383000023001786530014002016530024002155477121015n ii |||gr||||Z||||||eng cMAIN a305.81 aSen, Sipra,d1947-,eAuthor.11aThe tribes of Meghalayacby Sipra Sen aDelhi:bMittal publications,c1985. axix, 170p.:bmaps. aSociology aTribes of Meghalaya